دراسات وبحوث في تاريخ الملك عبد العزيز / (رقم التسجيلة. 80506)
[ عرض عادي ]
| 000 -الفاتح | |
|---|---|
| حقل البيانات ثابتة الطول | 01107nam a22002537a 4500 |
| 003 - محدد رقم الضبط | |
| رقم الضبط | OSt |
| 005 - وقت وتاريخ اخر تعامل مع التسجيلة | |
| رقم الضبط | 20220629095842.0 |
| 008 - عناصر البيانات ثابتة الطول - معلومات عامة | |
| حقل البيانات ثابتة الطول | 220629b2017 su ||||g |||| 00| 0 ara d |
| 020 ## - الرقم الدولى المعيارى للكتب | |
| الرقم الدولى المعيارى للكتاب | 9786039086048 |
| 040 ## - مصدر الفهرسة | |
| وكالة الفهرسة الأصلية | Ma-Un |
| وكالة النسخ | Ma-Un |
| 082 ## - رقم تصنيف ديوى العشرى | |
| رقم الطبعة | 21 |
| رقم التصنيف | 923.1531 |
| رقم المادة | ج ح د |
| 100 ## - المدخل الرئيسى - إسم شخصى | |
| الإسم الشخصى | الجاسر، حمد. |
| 245 ## - بيان العنوان | |
| العنوان | دراسات وبحوث في تاريخ الملك عبد العزيز / |
| بيان المسئوليه,etc | حمد الجاسر ؛ عناية عبد الرحمن الشبيلي. |
| 250 ## - بيان الطبعة | |
| بيان الطبعة | ط. 1. |
| 260 ## - PUBLICATION, DISTRIBUTION, ETC. (IMPRINT) | |
| مكان الناشر او الموزع | الرياض : |
| اسم الناشر او الموزع | مركز حمد الجاسر الثقافي، |
| تاريخ النشر أو التوزيع | 2017 |
| تاريخ النشر هجري | 1438 |
| 300 ## - الوصف المادى | |
| التعداد | 595 ص. ؛ |
| أبعاد الوعاء | 24 سم. |
| 490 ## - بيان السلسلة | |
| عنوان السلسلة | إصدارات مركز حمد الجاسر الثقافي. |
| رقم المجلد/ التعيين التسلسلي | (37). |
| 504 ## - تبصرة ببليوجرافية | |
| تبصرة ببليوجرافية,الخ | يشتمل على قائمة ببليوجرافية. |
| 600 ## - المدخل الاضافى بالموضوع-اسم شخصى | |
| الإسم الشخصى | ال سعود، عبد العزيز بن عبد الرحمن بن فيصل. |
| التواريخ المصاحبة للاسم | 1293-1373 هـ |
| 650 ## - المدخل الاضافى بالموضوع-مصطلح موضوعى | |
| مصطلح موضوعي أو اسم جغرافي كعنصر مدخل | تاريخ حديث. |
| التقسيم الفرعي الجغرافي | السعودية. |
| 650 ## - المدخل الاضافى بالموضوع-مصطلح موضوعى | |
| مصطلح موضوعي أو اسم جغرافي كعنصر مدخل | ملوك وحكام. |
| التقسيم الفرعي الجغرافي | السعودية. |
| 700 ## - المدخل الاضافى - اسم شخصى | |
| الإسم الشخصى | الشبيلي، عبد الرحمن. |
| الدور | عناية. |
| 952 ## - LOCATION AND ITEM INFORMATION (KOHA) | |
| نوع المادة فى نظام كوها | كتاب |
| 952 ## - LOCATION AND ITEM INFORMATION (KOHA) | |
| نوع المادة فى نظام كوها | كتاب |
| 952 ## - LOCATION AND ITEM INFORMATION (KOHA) | |
| نوع المادة فى نظام كوها | كتاب |
| 952 ## - LOCATION AND ITEM INFORMATION (KOHA) | |
| نوع المادة فى نظام كوها | كتاب |
| 952 ## - LOCATION AND ITEM INFORMATION (KOHA) | |
| نوع المادة فى نظام كوها | كتاب |
| 952 ## - LOCATION AND ITEM INFORMATION (KOHA) | |
| نوع المادة فى نظام كوها | كتاب |
| 952 ## - LOCATION AND ITEM INFORMATION (KOHA) | |
| نوع المادة فى نظام كوها | كتاب |
| 952 ## - LOCATION AND ITEM INFORMATION (KOHA) | |
| نوع المادة فى نظام كوها | كتاب |
| 952 ## - LOCATION AND ITEM INFORMATION (KOHA) | |
| نوع المادة فى نظام كوها | كتاب |
| 942 ## - | |
| -- | ddc |
| -- | BOOK |
| حالة الفقد | نموذج السعر الفعال | حالة تلف | ليس للاعارة | تاريخ الاكتساب | رقم الطلب | تاريخ الاكتساب | الموقع الحالي | الباركود | الفرع الرئيسي | Date last seen | مصدر التصنيف او خطة الترفيف | Total Checkouts |
|---|---|---|---|---|---|---|---|---|---|---|---|---|
| 2022-06-29 | Not For Loan | 2022-06-29 | 923.1531 ج ح د | 2022-06-29 | CL | 00176865 | المكتبة المركزية بالمجمعة (CL) | 2022-06-29 | Dewey Decimal Classification | |||
| 2022-06-29 | 2022-06-29 | 923.1531 ج ح د | 2022-06-29 | CL | 00176866 | المكتبة المركزية بالمجمعة (CL) | 2022-06-29 | Dewey Decimal Classification | ||||
| 2022-06-29 | 2022-06-29 | 923.1531 ج ح د | 2022-06-29 | CL | 00176867 | المكتبة المركزية بالمجمعة (CL) | 2022-06-29 | Dewey Decimal Classification | ||||
| 2022-06-29 | Not For Loan | 2022-06-29 | 923.1531 ج ح د | 2022-06-29 | EMF | 00177372 | مكتبة مجمع الطالبات بالمجمعة (EMF) | 2022-06-29 | Dewey Decimal Classification | |||
| 2022-08-13 | 2022-08-13 | 923.1531 ج ح د | 2022-08-13 | EMF | 00185200 | مكتبة مجمع الطالبات بالمجمعة (EMF) | 2024-09-04 | Dewey Decimal Classification | ||||
| 2022-06-29 | Not For Loan | 2022-06-29 | 923.1531 ج ح د | 2022-06-29 | EZF | 00177370 | مكتبة كلية التربية بالزلفى - طالبات (EZF) | 2022-06-29 | Dewey Decimal Classification | |||
| 2022-06-29 | 2022-06-29 | 923.1531 ج ح د | 2022-06-29 | EZF | 00177371 | مكتبة كلية التربية بالزلفى - طالبات (EZF) | 2022-06-29 | Dewey Decimal Classification | ||||
| 2022-06-29 | Not For Loan | 2022-06-29 | 923.1531 ج ح د | 2022-06-29 | SZM | 00177368 | مكتبة مجمع الكليات بالزلفى - طلاب (SZM) | 2022-06-29 | Dewey Decimal Classification | |||
| 2022-06-29 | 2022-06-29 | 923.1531 ج ح د | 2022-06-29 | SZM | 00177369 | مكتبة مجمع الكليات بالزلفى - طلاب (SZM) | 2022-06-29 | Dewey Decimal Classification |
